000 00652nas a2200217 4500
001 BR7900547
003 BR-BrBNA
005 20231205083623.0
007 ta
008 230509b bl.|||p| |||| 00| 00por d
040 _aBR-BrBNA
_bpor
_cBiblioteca Nacional de Agricultura
041 _a(Pt)
072 _aH10
100 1 _aLordello, L.G.E.
245 1 _aUm nematoide obtido de caule de Dracaena sp. [arbusto, praga de planta]
650 _aNEMATOIDE
650 _aARBUSTO
773 0 _tRevista de Agricultura (Brazil)
_xISSN 0034-7655
_g(Dec 1978), v. 53(4) p. 228
_wBR7900547
909 _a202311
_bLúcia
_c55
_dLúcia Elande
942 _2AGRIS
_n0
_cANA
999 _c100115
_d100115